| 000 | 01168nam0a2200349 4500 | ||
|---|---|---|---|
| 001 | RU\NLR\bibl\1344553 | ||
| 005 | 20250615171647.0 | ||
| 010 |
_a978-5-7992-0520-1 _bв пер. _91000 |
||
| 021 |
_aRU _b2009-5970 _989д |
||
| 035 | _a(nilc)RSL-KNO-004238924 | ||
| 035 | _a(NLR Aleph) 001329694 | ||
| 090 |
_a792453 _c792453 |
||
| 100 | _a20090225d2008 |||y0rusy50 ca | ||
| 101 | 0 | _arus | |
| 102 | _aRU | ||
| 105 | _aa zzzz||||| | ||
| 200 | 1 |
_aМама, я и кот _e[стихотворения для детей] _fВладимир Катлан |
|
| 210 |
_aМайкоп _cПолиграф-Юг _d2008 |
||
| 215 |
_a179, [1] с. _cцв. ил., ил., портр. _d25 |
||
| 225 | 1 | _aСочи ждет Олимпиаду 2014 | |
| 610 | 0 | _aДетская литература | |
| 686 |
_aШ9(2)6=Р70-53 _2rubbk |
||
| 686 | _aШ9(2)60=Р7-5 | ||
| 700 | 1 |
_aКатлан _bВ. К. _gВладимир Константинович _4070 |
|
| 801 | 0 |
_aRU _bРКП _c20090225 _grcr |
|
| 801 | 1 |
_aRU _bРГБ _c20090225 |
|
| 801 | 2 |
_aRU _bNLR _c20090323 _grcr |
|
| 830 | _aавт. по кн. | ||
| 942 | _cBOOK | ||
| 980 | _aNB | ||